| 000 | 00680nam a2200181Ia 4500 | ||
|---|---|---|---|
| 008 | 151202s9999||||xx |||||||||||||| ||und|| | ||
| 082 | _bPNVM-75608 | ||
| 100 | _aBARKER R.H. | ||
| 245 | _aTHOUSAND PLANE RAID The story of the first massive air raid-1000bombers against the city of cologne. | ||
| 260 | _b"BALLANTINE BOOK,NEWYORK." | ||
| 260 | _c75608 | ||
| 300 | _a288 | ||
| 600 | _aBARKER R.H. | ||
| 630 | _aTHOUSAND PLANE RAID The story of the first massive air raid-1000bombers against the city of cologne. | ||
| 700 | _aBARKER R.H. | ||
| 730 | _aTHOUSAND PLANE RAID The story of the first massive air raid-1000bombers against the city of cologne. | ||
| 942 | _cBOOK | ||
| 999 |
_c1342267 _d1342264 |
||